00285nam a2200121Ia 4500008004100000041000800041082001700049100001800066245001100084260003300095300002400128365001100152240624s9999 xx 000 0 und d aeng a891.4608 DES aDESHPANDE P L aGANGOT c2008aMumbaibMouj Prakashan a202 : p. : cm. ; 20 cRSb20